<?xml version="1.0" encoding="UTF-8"?>
<collection xmlns="http://www.loc.gov/MARC21/slim">
 <record>
  <leader>04559nas a2200541   4500</leader>
  <controlfield tag="001">1/50460</controlfield>
  <controlfield tag="008">020708c20009999lu qrzp       0   a0gre d</controlfield>
  <datafield tag="022" ind1=" " ind2=" ">
   <subfield code="a">1680-0524</subfield>
  </datafield>
  <datafield tag="035" ind1=" " ind2=" ">
   <subfield code="l">33979</subfield>
  </datafield>
  <datafield tag="090" ind1=" " ind2=" ">
   <subfield code="a">ΚΕΤ Αλφαβητική σειρά</subfield>
  </datafield>
  <datafield tag="245" ind1="0" ind2="2">
   <subfield code="a">Η Ευρώπη των επιχειρήσεων :</subfield>
   <subfield code="b">νέα και ανασκοπήσεις σχετικά με την πολιτική για τις επιχειρήσεις</subfield>
  </datafield>
  <datafield tag="260" ind1=" " ind2=" ">
   <subfield code="a">Λουξεμβούργο :</subfield>
   <subfield code="b">Υπηρεσία Επισήμων Εκδόσεων των Ευρωπαϊκών Κοινοτήτων,</subfield>
   <subfield code="c">2000-</subfield>
  </datafield>
  <datafield tag="300" ind1=" " ind2=" ">
   <subfield code="a">τ. ;</subfield>
   <subfield code="c">30 εκ.</subfield>
  </datafield>
  <datafield tag="310" ind1=" " ind2=" ">
   <subfield code="a">4 φορές το χρόνο</subfield>
  </datafield>
  <datafield tag="362" ind1="0" ind2=" ">
   <subfield code="a">Τχ. 2 (Ιαν. 2001)-</subfield>
  </datafield>
  <datafield tag="650" ind1=" " ind2="4">
   <subfield code="a">Επιχειρήσεις</subfield>
   <subfield code="x">Ευρωπαϊκή Ενωση</subfield>
   <subfield code="v">Περιοδικά.</subfield>
  </datafield>
  <datafield tag="710" ind1="2" ind2=" ">
   <subfield code="a">Ευρωπαϊκή Επιτροπή</subfield>
   <subfield code="b">Γενική Διεύθυνση Διεύρυνσης.</subfield>
  </datafield>
  <datafield tag="852" ind1=" " ind2=" ">
   <subfield code="a">INST</subfield>
   <subfield code="b">UNIPILB</subfield>
   <subfield code="c">SERIALS</subfield>
   <subfield code="e">20070730</subfield>
   <subfield code="h">ΚΕΤ Αλφαβητική σειρά</subfield>
   <subfield code="p">56418</subfield>
   <subfield code="q">56418</subfield>
   <subfield code="t">NOLOAN</subfield>
   <subfield code="v">τεύχ.2:(Μήνας)Ιανουάριος;(Έτος)2001</subfield>
   <subfield code="y">23</subfield>
  </datafield>
  <datafield tag="852" ind1=" " ind2=" ">
   <subfield code="a">INST</subfield>
   <subfield code="b">UNIPILB</subfield>
   <subfield code="c">SERIALS</subfield>
   <subfield code="e">20070730</subfield>
   <subfield code="h">ΚΕΤ Αλφαβητική σειρά</subfield>
   <subfield code="p">56419</subfield>
   <subfield code="q">56419</subfield>
   <subfield code="t">NOLOAN</subfield>
   <subfield code="v">τεύχ.3:(Μήνες)Απρ.-Ιούν. 2001</subfield>
   <subfield code="y">23</subfield>
  </datafield>
  <datafield tag="852" ind1=" " ind2=" ">
   <subfield code="a">INST</subfield>
   <subfield code="b">UNIPILB</subfield>
   <subfield code="c">SERIALS</subfield>
   <subfield code="e">20070730</subfield>
   <subfield code="h">ΚΕΤ Αλφαβητική σειρά</subfield>
   <subfield code="p">56420</subfield>
   <subfield code="q">56420</subfield>
   <subfield code="t">NOLOAN</subfield>
   <subfield code="v">τεύχ.5:(Μήνες)Οκτ.-Δεκ. 2001</subfield>
   <subfield code="y">23</subfield>
  </datafield>
  <datafield tag="852" ind1=" " ind2=" ">
   <subfield code="a">INST</subfield>
   <subfield code="b">UNIPILB</subfield>
   <subfield code="c">SERIALS</subfield>
   <subfield code="e">20070730</subfield>
   <subfield code="h">ΚΕΤ Αλφαβητική σειρά</subfield>
   <subfield code="p">56421</subfield>
   <subfield code="q">56421</subfield>
   <subfield code="t">NOLOAN</subfield>
   <subfield code="v">τεύχ.7:(Μήνες)Απρ.-Ιούν. 2002</subfield>
   <subfield code="y">23</subfield>
  </datafield>
  <datafield tag="852" ind1=" " ind2=" ">
   <subfield code="a">INST</subfield>
   <subfield code="b">UNIPILB</subfield>
   <subfield code="c">SERIALS</subfield>
   <subfield code="e">20070730</subfield>
   <subfield code="h">ΚΕΤ Αλφαβητική σειρά</subfield>
   <subfield code="p">56422</subfield>
   <subfield code="q">56422</subfield>
   <subfield code="t">NOLOAN</subfield>
   <subfield code="v">τεύχ.10:(Μήνες)Ιαν.-Μάρ. 2003</subfield>
   <subfield code="y">23</subfield>
  </datafield>
  <datafield tag="852" ind1=" " ind2=" ">
   <subfield code="a">INST</subfield>
   <subfield code="b">UNIPILB</subfield>
   <subfield code="c">SERIALS</subfield>
   <subfield code="e">20070730</subfield>
   <subfield code="h">ΚΕΤ Αλφαβητική σειρά</subfield>
   <subfield code="p">56423</subfield>
   <subfield code="q">56423</subfield>
   <subfield code="t">NOLOAN</subfield>
   <subfield code="v">τεύχ.12:(Μήνες)Ιούλ.-Σεπ. 2003</subfield>
   <subfield code="y">23</subfield>
  </datafield>
  <datafield tag="852" ind1=" " ind2=" ">
   <subfield code="a">INST</subfield>
   <subfield code="b">UNIPILB</subfield>
   <subfield code="c">SERIALS</subfield>
   <subfield code="e">20070730</subfield>
   <subfield code="h">ΚΕΤ Αλφαβητική σειρά</subfield>
   <subfield code="p">56424</subfield>
   <subfield code="q">56424</subfield>
   <subfield code="t">NOLOAN</subfield>
   <subfield code="v">τεύχ.13:(Μήνες)Οκτ.-Δεκ. 2003</subfield>
   <subfield code="y">23</subfield>
  </datafield>
  <datafield tag="852" ind1=" " ind2=" ">
   <subfield code="a">INST</subfield>
   <subfield code="b">UNIPILB</subfield>
   <subfield code="c">SERIALS</subfield>
   <subfield code="e">20070730</subfield>
   <subfield code="h">ΚΕΤ Αλφαβητική σειρά</subfield>
   <subfield code="p">56425</subfield>
   <subfield code="q">56425</subfield>
   <subfield code="t">NOLOAN</subfield>
   <subfield code="v">τεύχ.14:(Μήνες)Ιαν.-Μάρ. 2004</subfield>
   <subfield code="y">23</subfield>
  </datafield>
  <datafield tag="852" ind1=" " ind2=" ">
   <subfield code="a">INST</subfield>
   <subfield code="b">UNIPILB</subfield>
   <subfield code="c">SERIALS</subfield>
   <subfield code="e">20070730</subfield>
   <subfield code="h">ΚΕΤ Αλφαβητική σειρά</subfield>
   <subfield code="p">56427</subfield>
   <subfield code="q">56427</subfield>
   <subfield code="t">NOLOAN</subfield>
   <subfield code="v">τεύχ.15:(Μήνες)Απρ.-Ιούν. 2004</subfield>
   <subfield code="y">23</subfield>
  </datafield>
  <datafield tag="852" ind1=" " ind2=" ">
   <subfield code="a">INST</subfield>
   <subfield code="b">UNIPILB</subfield>
   <subfield code="c">SERIALS</subfield>
   <subfield code="e">20070730</subfield>
   <subfield code="h">ΚΕΤ Αλφαβητική σειρά</subfield>
   <subfield code="p">56428</subfield>
   <subfield code="q">56428</subfield>
   <subfield code="t">NOLOAN</subfield>
   <subfield code="v">τεύχ.16:(Μήνες)Ιούλ.-Σεπ. 2004</subfield>
   <subfield code="y">23</subfield>
  </datafield>
  <datafield tag="852" ind1=" " ind2=" ">
   <subfield code="a">INST</subfield>
   <subfield code="b">UNIPILB</subfield>
   <subfield code="c">SERIALS</subfield>
   <subfield code="e">20070730</subfield>
   <subfield code="h">ΚΕΤ Αλφαβητική σειρά</subfield>
   <subfield code="p">56429</subfield>
   <subfield code="q">56429</subfield>
   <subfield code="t">NOLOAN</subfield>
   <subfield code="v">τεύχ.17:(Μήνες)Οκτ.-Δεκ. 2004</subfield>
   <subfield code="y">23</subfield>
  </datafield>
  <datafield tag="852" ind1=" " ind2=" ">
   <subfield code="a">INST</subfield>
   <subfield code="b">UNIPILB</subfield>
   <subfield code="c">SERIALS</subfield>
   <subfield code="e">20070730</subfield>
   <subfield code="h">ΚΕΤ Αλφαβητική σειρά</subfield>
   <subfield code="p">56430</subfield>
   <subfield code="q">56430</subfield>
   <subfield code="t">NOLOAN</subfield>
   <subfield code="v">τεύχ.18:(Μήνες)Ιαν.-Μάρ. 2005</subfield>
   <subfield code="y">23</subfield>
  </datafield>
  <datafield tag="852" ind1=" " ind2=" ">
   <subfield code="a">INST</subfield>
   <subfield code="b">UNIPILB</subfield>
   <subfield code="c">SERIALS</subfield>
   <subfield code="e">20070730</subfield>
   <subfield code="h">ΚΕΤ Αλφαβητική σειρά</subfield>
   <subfield code="p">56431</subfield>
   <subfield code="q">56431</subfield>
   <subfield code="t">NOLOAN</subfield>
   <subfield code="v">τεύχ.19:(Μήνες)Απρ.-Ιούν. 2005</subfield>
   <subfield code="y">23</subfield>
  </datafield>
  <datafield tag="852" ind1=" " ind2=" ">
   <subfield code="a">INST</subfield>
   <subfield code="b">UNIPILB</subfield>
   <subfield code="c">SERIALS</subfield>
   <subfield code="e">20070730</subfield>
   <subfield code="h">ΚΕΤ Αλφαβητική σειρά</subfield>
   <subfield code="p">56433</subfield>
   <subfield code="q">56433</subfield>
   <subfield code="t">NOLOAN</subfield>
   <subfield code="v">τεύχ.20:(Μήνες)Οκτ.-Δεκ. 2005</subfield>
   <subfield code="y">23</subfield>
  </datafield>
  <datafield tag="852" ind1=" " ind2=" ">
   <subfield code="a">INST</subfield>
   <subfield code="b">UNIPILB</subfield>
   <subfield code="c">SERIALS</subfield>
   <subfield code="e">20070730</subfield>
   <subfield code="h">ΚΕΤ Αλφαβητική σειρά</subfield>
   <subfield code="p">56434</subfield>
   <subfield code="q">56434</subfield>
   <subfield code="t">NOLOAN</subfield>
   <subfield code="v">τεύχ.21:(Μήνες)Ιαν.-Μάρ. 2006</subfield>
   <subfield code="y">23</subfield>
  </datafield>
  <datafield tag="900" ind1=" " ind2=" ">
   <subfield code="a">Τχ. 24 (Ιούλ.-Σεπ. 2006)</subfield>
   <subfield code="b">Οφειλόμενο</subfield>
   <subfield code="c">19/07/2007</subfield>
  </datafield>
  <datafield tag="900" ind1=" " ind2=" ">
   <subfield code="a">Τχ. 4 (Ιούλ.-Σεπ. 2001)</subfield>
   <subfield code="b">Οφειλόμενο</subfield>
   <subfield code="c">19/07/2007</subfield>
  </datafield>
  <datafield tag="900" ind1=" " ind2=" ">
   <subfield code="a">Τχ. 6 (Ιαν.-Μάρ. 2002)</subfield>
   <subfield code="b">Οφειλόμενο</subfield>
   <subfield code="c">19/07/2007</subfield>
  </datafield>
  <datafield tag="900" ind1=" " ind2=" ">
   <subfield code="a">Τχ. 8 (Ιούλ.-Σεπ. 2002)</subfield>
   <subfield code="b">Οφειλόμενο</subfield>
   <subfield code="c">19/07/2007</subfield>
  </datafield>
  <datafield tag="900" ind1=" " ind2=" ">
   <subfield code="a">Τχ. 9 (Οκτ.-Δεκ. 2002)</subfield>
   <subfield code="b">Οφειλόμενο</subfield>
   <subfield code="c">19/07/2007</subfield>
  </datafield>
  <datafield tag="900" ind1=" " ind2=" ">
   <subfield code="a">Τχ. 11 (Απρ.-Ιούν. 2003)</subfield>
   <subfield code="b">Οφειλόμενο</subfield>
   <subfield code="c">19/07/2007</subfield>
  </datafield>
  <datafield tag="900" ind1=" " ind2=" ">
   <subfield code="a">Τχ. 20 (Ιούλ.-Σεπ. 2005)</subfield>
   <subfield code="b">Οφειλόμενο</subfield>
   <subfield code="c">19/07/2007</subfield>
  </datafield>
  <datafield tag="900" ind1=" " ind2=" ">
   <subfield code="a">Τχ. 23 (Απρ.-Ιούν. 2006)</subfield>
   <subfield code="b">Οφειλόμενο</subfield>
   <subfield code="c">19/07/2007</subfield>
  </datafield>
  <datafield tag="950" ind1=" " ind2=" ">
   <subfield code="a">01/01/2001</subfield>
   <subfield code="c">ΚΕΝΤΡΟ ΕΥΡΩΠΑΙΚΗΣ ΤΕΚΜΗΡΙΩΣΗΣ</subfield>
   <subfield code="d">730</subfield>
  </datafield>
  <datafield tag="951" ind1=" " ind2=" ">
   <subfield code="a">Τχ. 20 (Οκτ. 2005) - Τχ. 21 (Μάρ. 2006)</subfield>
   <subfield code="b">Main run</subfield>
  </datafield>
  <datafield tag="951" ind1=" " ind2=" ">
   <subfield code="a">Τχ. 2 (Ιανουάριος 2001)</subfield>
   <subfield code="b">Main run</subfield>
  </datafield>
  <datafield tag="951" ind1=" " ind2=" ">
   <subfield code="a">Τχ. 3 (Απρ.-Ιούν. 2001)</subfield>
   <subfield code="b">Main run</subfield>
  </datafield>
  <datafield tag="951" ind1=" " ind2=" ">
   <subfield code="a">Τχ. 5 (Οκτ.-Δεκ. 2001)</subfield>
   <subfield code="b">Main run</subfield>
  </datafield>
  <datafield tag="951" ind1=" " ind2=" ">
   <subfield code="a">Τχ. 7 (Απρ.-Ιούν. 2002)</subfield>
   <subfield code="b">Main run</subfield>
  </datafield>
  <datafield tag="951" ind1=" " ind2=" ">
   <subfield code="a">Τχ. 10 (Ιαν.-Μάρ. 2003)</subfield>
   <subfield code="b">Main run</subfield>
  </datafield>
  <datafield tag="951" ind1=" " ind2=" ">
   <subfield code="a">Τχ. 12 (Ιούλ. 2003) - Τχ. 19 (Ιούν. 2005)</subfield>
   <subfield code="b">Main run</subfield>
  </datafield>
 </record>
</collection>
